| 000 | 00589nam a22001937a 4500 | ||
|---|---|---|---|
| 003 | OSt | ||
| 005 | 20251008035151.0 | ||
| 008 | 251008b |||||||| |||| 00| 0 eng d | ||
| 020 | _a0-7600-3777-9. | ||
| 040 |
_aDWCL-Main lib _cOC |
||
| 082 | _2Circ. 005.42 P466n 1996 | ||
| 100 | _aParsons, June | ||
| 245 |
_aInstructor's manual to accompany New perspectives on Microsoft excel 7 for windows 95 : _bintroductory |
||
| 260 |
_a[S.l.] : _bCTI, _cc1996. |
||
| 300 |
_a105 pages : _billustration ; _c28 cm. |
||
| 700 | _aOja, Dan | ||
| 700 | _aShaffer, Ann | ||
| 942 |
_2ddc _cBK-CIRC _kCirc. _n0 |
||
| 999 |
_c4712 _d4712 |
||